Balanza de pagos /
Enregistré dans:
| Format: | Livre |
|---|---|
| Langue: | Spanish |
| Publié: |
San José, Costa Rica:
BCCR
|
| Sujets: | |
| Tags: |
Ajouter un tag
Pas de tags, Soyez le premier à ajouter un tag!
|
MARC
| LEADER | 00000nam a22000007a 4500 | ||
|---|---|---|---|
| 003 | cru CIDCACS/IIS | ||
| 005 | 20230912104322.0 | ||
| 008 | 230912b |||||||| |||| 00| 0 spa d | ||
| 040 | |c cru CIDCACS/IIS | ||
| 090 | |a REV1474 | ||
| 245 | 1 | |a Balanza de pagos / |c Banco Central de Costa Rica. Departamento Monetario | |
| 260 | |a San José, Costa Rica: |b BCCR | ||
| 500 | |a Colección Centroamérica | ||
| 500 | |a EXISTENCIAS: 1969 1973 1978 1980 1981 1983 1985 1988 1991 | ||
| 650 | 4 | |9 2660 |a BALANZA DE PAGOS | |
| 650 | 4 | |9 1954 |a BANCOS CENTRALES | |
| 650 | 0 | |9 304 |a COMERCIO EXTERIOR | |
| 650 | 4 | |9 1843 |a IMPORTACIONES | |
| 650 | 0 | |9 95 |a EXPORTACIONES | |
| 651 | 0 | |9 32 |a COSTA RICA | |
| 942 | |2 ddc |c PP | ||
| 999 | |c 45250 |d 45250 | ||
